NCAAM Basketball Logo Quiz: Sun Belt - Statistics

General Stats
  • This quiz has been taken 301 times
  • The average score is 11 of 14
Answer Stats
Picture Answer % Correct
James Madison
94%
Marshall
93%
Old Dominion
90%
Appalachian St.
89%
Louisiana
88%
Coastal Carolina
84%
Troy
82%
Arkansas St.
78%
UL Monroe
77%
Georgia St.
72%
Georgia Southern
67%
South Alabama
66%
Southern Miss
65%
Texas St.
65%
No matching quizzes found
Score Distribution
Percent of People with Each Score
Percentile by Number Answered
Your Score History
You have not taken this quiz